000 01083nam a2200265Ia 4500
003 OSt
005 20221005104717.0
006 a|||||r|||| 00| 0
007 ta
008 221004b |||||||| |||| 00| 0 hin d
020 _a9789380172729 (pbk)
024 _a27367
037 _bGift, 22/07/2016,
_cTextual
040 _aCRL
_cCRL
_bhin
041 _2hin
_ahin
082 _aWv2.N5, 152Q5
100 _aत्यागी, रूचि, संपा.
245 0 _aआधुनिक भारत का राजनीतिक चिंतन
_b एक विमर्श
246 _aĀdhunik bhārat kā rājanītik chiantana: ek vimarsha
260 _aदिल्ली
_bविश्वविद्यालय हिंदी माध्यम कार्यान्वय निदेशालय भारत
_c2015
300 _a414पृ0
_ccm.
650 _aभारतीय राजनीति
942 _hWv2.N5, 152Q5
_cTEXL
_2cc
999 _c1013559
_d1013559